000 00254nam a2200109Ia 4500
008 220204s9999 xx 000 0 und d
082 _a577.1
_bHAR
100 _aHarper, H A
245 0 _aReview of physiological chemistry
250 _aEd.16
942 _cBK
999 _c29490
_d29490